Städte in Niedersachsen - Karten-Quiz - Statistiken

Allgemein
  • Dieses Quiz wurde 77 mal gespielt
  • Das Durchschnittsergebnis liegt bei 15 aus 20
Antworten auf der Karte
Die Antworten werden auf der Karte rot bzw. grün angezeigt, abhängig davon wie oft sie richtig erraten wurden.
 
Antwortstatistiken
Antwort % Korrekt
Cuxhaven
92%
Hannover
92%
Wilhelmshaven
90%
Osnabrück
85%
Oldenburg
81%
Delmenhorst
80%
Emden
80%
Braunschweig
76%
Göttingen
76%
Wolfsburg
75%
Lingen (Ems)
71%
Stade
71%
Lüneburg
69%
Goslar
66%
Vechta
64%
Hildesheim
63%
Nienburg/Weser
63%
Celle
59%
Hameln
58%
Uelzen
58%
Keine übereinstimmenden Quizze gefunden
Verteilung der Resultate
Anzahl Personen mit jedem Resultat
Perzentil nach korrekt beantworteten Fragen
Ihre Resultats-Entwicklung
Sie haben dieses Quiz noch nicht gespielt